|
|
|
|
| LEADER |
00000cam a2200000 a 4500 |
| 001 |
11564 |
| 003 |
Ucuenca |
| 005 |
20230308175911.0 |
| 008 |
967022|1965 mx |||||r|||||||||||spa|| |
| 040 |
|
|
|b spa
|
| 041 |
0 |
|
|a spa
|
| 082 |
0 |
|
|a 614
|
| 245 |
|
|
|a Introducción a la salud pública
|c Harry S. Mustard y Ernest L. Stebbins
|h imp
|
| 264 |
|
|
|a México
|b Centro Regional de Ayuda Técnica
|c 1965
|
| 300 |
|
|
|a vii, 304 páginas:
|c 22 cm
|
| 504 |
|
|
|a incl. ref.
|
| 650 |
|
0 |
|a Salud pública
|9 108
|
| 700 |
1 |
|
|a Mustard, Harry S.
|9 198790
|
| 700 |
1 |
|
|a Stebbins, Ernest L.
|9 198791
|
| 852 |
|
|
|a UC-SALUD
|f Canje
|l 1
|m General
|p 19670223
|q S/. 70
|t 11564
|b 0
|d CDRS
|e CDRS
|g 614 11564
|z 1967-70-22
|
| 942 |
|
|
|c BK
|
| 999 |
|
|
|c 51380
|d 51380
|